<?xml version="1.0" encoding="UTF-8"?>
<collection xmlns="http://www.loc.gov/MARC21/slim">
 <record>
  <leader>02121nam a22003735a 4500</leader>
  <controlfield tag="001">CEM.cems019999</controlfield>
  <controlfield tag="008">230420b2001##################000#0#####d</controlfield>
  <controlfield tag="005">20230420174833.0</controlfield>
  <datafield tag="245" ind1="1" ind2="0">
   <subfield code="a">Cuentos por la paz /</subfield>
   <subfield code="c">Ana Arias  y otros ; ilustrado por Karina Maddonni; prólogo de Cecilia Fernández.</subfield>
  </datafield>
  <datafield tag="260" ind1=" " ind2=" ">
   <subfield code="a">Buenos Aires,</subfield>
   <subfield code="c">2003 :</subfield>
   <subfield code="b">Santillana.</subfield>
  </datafield>
  <datafield tag="300" ind1=" " ind2=" ">
   <subfield code="a">88 p.</subfield>
  </datafield>
  <datafield tag="490" ind1="0" ind2=" ">
   <subfield code="a">Leer es genial. Paz y respeto</subfield>
  </datafield>
  <datafield tag="505" ind1="0" ind2=" ">
   <subfield code="a">Los luanos son luinos / Ana Arias -- Kathy va a la escuela / Roy Berocay -- El puente de arena / Liliana Bodoc -- El lago Puheyue / Víctor Carvajal -- La 787-15 vuela a casa / Lucía Iaragione -- Ciego / Maximiliano Matayoshi -- El aviador / Mario Méndez -- Villa Hermusa / Pepe Pelayo -- Apenas un eco había entre las rocas / Esteban Valentino</subfield>
  </datafield>
  <datafield tag="520" ind1=" " ind2=" ">
   <subfield code="a">Esta antología reúne cuentos que abordan desde diferentes ángulos el tema de la violencia, siempre incomprensible, siempre injustificada. La guerra percibida a través de sus protagonistas, el odio racial desde la mirada de una niña, el abuso de poder en un país imaginario, la armonía en un pueblo que podría existir, el honor y el amor a la vida y la devastación nuclear son algunos de los temas que proponen estos nueve autores contemporáneos de la literatura juvenil de Argentina y Latinoamérica. Un libro fundamental para reflexionar sobre la necesidad urgente de la pacificación, y para comenzar a pensar en un mundo mejor.</subfield>
  </datafield>
  <datafield tag="020" ind1=" " ind2=" ">
   <subfield code="a">9504614825</subfield>
  </datafield>
  <datafield tag="100" ind1="1" ind2=" ">
   <subfield code="a">Arias, Ana.</subfield>
  </datafield>
  <datafield tag="700" ind1="1" ind2=" ">
   <subfield code="a">Maddonni, Karina; il.</subfield>
  </datafield>
  <datafield tag="700" ind1="1" ind2=" ">
   <subfield code="a">Fernández, Cecilia; prol.</subfield>
  </datafield>
  <datafield tag="700" ind1="1" ind2=" ">
   <subfield code="a">Berocay, Roy.</subfield>
  </datafield>
  <datafield tag="700" ind1="1" ind2=" ">
   <subfield code="a">Bodoc, Liliana.</subfield>
  </datafield>
  <datafield tag="700" ind1="1" ind2=" ">
   <subfield code="a">Carvajal, Victor.</subfield>
  </datafield>
  <datafield tag="700" ind1="1" ind2=" ">
   <subfield code="a">Iaragione, Lucía.</subfield>
  </datafield>
  <datafield tag="700" ind1="1" ind2=" ">
   <subfield code="a">Matayoshi, Maximiliano.</subfield>
  </datafield>
  <datafield tag="700" ind1="1" ind2=" ">
   <subfield code="a">Méndez, Mario.</subfield>
  </datafield>
  <datafield tag="700" ind1="1" ind2=" ">
   <subfield code="a">Pelayo, Pepe.</subfield>
  </datafield>
  <datafield tag="700" ind1="1" ind2=" ">
   <subfield code="a">Valentino, Esteban.</subfield>
  </datafield>
  <datafield tag="653" ind1=" " ind2=" ">
   <subfield code="a">Literatura</subfield>
  </datafield>
  <datafield tag="653" ind1=" " ind2=" ">
   <subfield code="a">Literatura Latinoamericana</subfield>
  </datafield>
  <datafield tag="653" ind1=" " ind2=" ">
   <subfield code="a">Cuentos</subfield>
  </datafield>
  <datafield tag="653" ind1=" " ind2=" ">
   <subfield code="a">Cuentos Latinoamericanos</subfield>
  </datafield>
  <datafield tag="653" ind1=" " ind2=" ">
   <subfield code="a">Cuentos infantiles</subfield>
  </datafield>
  <datafield tag="653" ind1=" " ind2=" ">
   <subfield code="a">Literatura Infantil</subfield>
  </datafield>
  <datafield tag="653" ind1=" " ind2=" ">
   <subfield code="a">Violencia</subfield>
  </datafield>
  <datafield tag="859" ind1=" " ind2=" ">
   <subfield code="a">CEMS</subfield>
   <subfield code="b">BIB. CEMS - Inicial y Primaria</subfield>
   <subfield code="h">A868.4</subfield>
   <subfield code="i">Ar41-2</subfield>
   <subfield code="k">IP</subfield>
   <subfield code="p">6290</subfield>
   <subfield code="t">Ej.1</subfield>
  </datafield>
 </record>
</collection>
